000
00290nam a22001337a 4500
008
180308b xxu||||| |||| 00| 0 eng d
020
_a
9780323009966
041
_a
eng
080
_a
610
100
_a
2
101
_a
INF
245
_a
PATIENT CARE STANDARDS
_c
SUSAN.M
942
_2
udc
_c
BK
999
_c
44504
_d
44504